Statistics for Every ABBA song that hit the Billboard hot 100

Click here to take the quiz!

General Stats

  • This quiz has been taken 151 times
  • The average score is 11 of 20

Answer Stats

Peak Chart PositionYearSong% Correct
11977Dancing Queen
95%
61974Waterloo
91%
321976Mamma Mia
89%
131976Fernando
82%
81981The Winner Takes It All
68%
141977Knowing Me, Knowing You
67%
451977Money, Money, Money
65%
151975S.O.S.
64%
321981Super Trouper
62%
31978Take A Chance On Me
61%
801979Voulez-Vous
55%
191979Does Your Mother Know
50%
291980Chiquitita
49%
121978The Name Of The Game
46%
271974Honey, Honey
44%
151976I Do, I Do, I Do, I Do, I Do
43%
631979Angeleyes
32%
561982The Visitors
17%
271982When All Is Said And Done
16%
901981On And On And On
13%

Score Distribution

Percentile by Number Answered

Percent of People with Each Score

Your Score History

You have not taken this quiz